<?xml version="1.0" encoding="UTF-8"?><?xml-stylesheet type="text/xsl" href="static/style.xsl"?><OAI-PMH xmlns="http://www.openarchives.org/OAI/2.0/" xmlns:xsi="http://www.w3.org/2001/XMLSchema-instance" xsi:schemaLocation="http://www.openarchives.org/OAI/2.0/ http://www.openarchives.org/OAI/2.0/OAI-PMH.xsd"><responseDate>2026-04-14T02:13:36Z</responseDate><request verb="GetRecord" identifier="oai:www.recercat.cat:20.500.14342/1734" metadataPrefix="marc">https://recercat.cat/oai/request</request><GetRecord><record><header><identifier>oai:recercat.cat:20.500.14342/1734</identifier><datestamp>2025-05-31T23:46:08Z</datestamp><setSpec>com_2072_482405</setSpec><setSpec>com_2072_183628</setSpec><setSpec>col_2072_482411</setSpec></header><metadata><record xmlns="http://www.loc.gov/MARC21/slim" xmlns:dcterms="http://purl.org/dc/terms/" xmlns:xsi="http://www.w3.org/2001/XMLSchema-instance" xmlns:doc="http://www.lyncode.com/xoai" xsi:schemaLocation="http://www.loc.gov/MARC21/slim http://www.loc.gov/standards/marcxml/schema/MARC21slim.xsd">
   <leader>00925njm 22002777a 4500</leader>
   <datafield ind2=" " ind1=" " tag="042">
      <subfield code="a">dc</subfield>
   </datafield>
   <datafield ind2=" " ind1=" " tag="720">
      <subfield code="a">Alcover, Carlota</subfield>
      <subfield code="e">author</subfield>
   </datafield>
   <datafield ind2=" " ind1=" " tag="720">
      <subfield code="a">Mairena, Maria Angeles</subfield>
      <subfield code="e">author</subfield>
   </datafield>
   <datafield ind2=" " ind1=" " tag="720">
      <subfield code="a">Mezzatesta, Marcela</subfield>
      <subfield code="e">author</subfield>
   </datafield>
   <datafield ind2=" " ind1=" " tag="720">
      <subfield code="a">Elias, Neus</subfield>
      <subfield code="e">author</subfield>
   </datafield>
   <datafield ind2=" " ind1=" " tag="720">
      <subfield code="a">Díez-Juan, María</subfield>
      <subfield code="e">author</subfield>
   </datafield>
   <datafield ind2=" " ind1=" " tag="720">
      <subfield code="a">Balañá, Gemma</subfield>
      <subfield code="e">author</subfield>
   </datafield>
   <datafield ind2=" " ind1=" " tag="720">
      <subfield code="a">González-Rodríguez, Mireia</subfield>
      <subfield code="e">author</subfield>
   </datafield>
   <datafield ind2=" " ind1=" " tag="720">
      <subfield code="a">Rodríguez-Medina, Jairo</subfield>
      <subfield code="e">author</subfield>
   </datafield>
   <datafield ind2=" " ind1=" " tag="720">
      <subfield code="a">Anguera, M. Teresa</subfield>
      <subfield code="e">author</subfield>
   </datafield>
   <datafield ind2=" " ind1=" " tag="720">
      <subfield code="a">Arias Pujol, Eulàlia</subfield>
      <subfield code="e">author</subfield>
   </datafield>
   <datafield ind2=" " ind1=" " tag="260">
      <subfield code="c">2019</subfield>
   </datafield>
   <datafield ind2=" " ind1=" " tag="520">
      <subfield code="a">Over the last 20 years, researchers have been mixing qualitative and quantitative&#xd;
approaches, but mixed methods research represents a new movement that arose&#xd;
in response to the currents of qualitative and quantitative research, considered&#xd;
separately. Little has been published on the use of polar coordinate analysis in&#xd;
psychotherapy. This type of analysis can provide detailed information and integrate&#xd;
the qualitative-quantitative analysis. Even less has been published on the analysis&#xd;
of ASD children’s behavior. The main aim of this study was to implement this mixed&#xd;
methods methodology to analyze patterns of social behaviors in a group of adolescents&#xd;
with ASD during a group social competence intervention program. Moreover, we&#xd;
wanted to see whether an observational scale could be combined fruitfully with polar&#xd;
coordinate analysis and to investigate whether typical ASD behaviors show similar&#xd;
interrelations (prospective and retrospective sequentialities) as behaviors observed in&#xd;
psychotherapy. We used an adaptation from the Social Skills Training Program (UC&#xd;
Davis, California). We observed that each participant took a unique course, increasing&#xd;
or decreasing the number and quality of their social behaviors. In accordance with&#xd;
previous literature, results suggest some increment in the amount of appropriate social&#xd;
conduct. We did not detect a generalized progress pattern but agreed that there were&#xd;
changes between the beginning and end of the intervention. Therefore, we consider&#xd;
that observational methodology is useful in the field of psychotherapy and ASD, offering&#xd;
detailed information about changes and development that cannot be obtained with&#xd;
other traditional measures, such as questionnaires.</subfield>
   </datafield>
   <datafield ind1="8" ind2=" " tag="024">
      <subfield code="a">http://hdl.handle.net/20.500.14342/1734</subfield>
   </datafield>
   <datafield ind1="8" ind2=" " tag="024">
      <subfield code="a">https://doi.org/10.3389/fpsyg.2019.01158</subfield>
   </datafield>
   <datafield tag="653" ind2=" " ind1=" ">
      <subfield code="a">Teràpia</subfield>
   </datafield>
   <datafield tag="653" ind2=" " ind1=" ">
      <subfield code="a">Habilitats socials</subfield>
   </datafield>
   <datafield tag="653" ind2=" " ind1=" ">
      <subfield code="a">Autisme</subfield>
   </datafield>
   <datafield tag="653" ind2=" " ind1=" ">
      <subfield code="a">Adolescents</subfield>
   </datafield>
   <datafield ind2="0" ind1="0" tag="245">
      <subfield code="a">Mixed Methods Approach to Describe Social Interaction During a Group Intervention for Adolescents With Autism Spectrum Disorders</subfield>
   </datafield>
</record></metadata></record></GetRecord></OAI-PMH>